| 000 | 01260nam0a22003371 4500 | ||
|---|---|---|---|
| 001 | v19\rc\1510655 | ||
| 005 | 20060620122817.3 | ||
| 035 | _a(NLR Aleph) 004681762 | ||
| 090 |
_a3816849 _c3816849 |
||
| 100 | _a20060620d1884 |||y0rusy50 ca | ||
| 101 | 0 | _arus | |
| 102 | _aRU | ||
| 105 | _ay z ||||| | ||
| 200 | 1 |
_aНастоящее положение питейно-акцизного дела в России _eПо поводу брошюр барона Э. Нольде, Карла Шедля и С. Пахомова |
|
| 210 |
_aСанкт-Петербург _cтип. "Обществ. польза" _d1884 |
||
| 215 |
_a[2], 173 с. _d24 |
||
| 604 |
_150010$aПитейное дело и акцизная система _1700#1$aНольде$bЭ.Ф.$gЭдуард Федорович |
||
| 702 | 1 |
_aШедль _bК. _gКарл _4570 |
|
| 702 | 1 |
_aПахомов _bС. А. _gСергей Александрович _4570 |
|
| 801 | 0 |
_aRU _bNLR _gpsbo |
|
| 801 | 0 |
_aRU _bRuMoRGB _2psbo |
|
| 801 | 1 |
_aRU _bProSoft-M _2rusmarc |
|
| 852 |
_aNLR _j18.200.2.27 |
||
| 852 |
_aNLR _j127/674 |
||
| 899 |
_aRuMoRGB _jT 5/377 |
||
| 899 |
_aRuMoRGB _jR 310/420 |
||
| 899 | _aБАН | ||
| 899 | _aНБ СПбГУ | ||
| 899 | _aНБ МГУ | ||
| 942 | _cBOOK | ||
| 980 | _aNB | ||